Na prahu EU?

Snahy Rakúska, Fínska, Nórska a Švédska o vstup do Európskej únie - ukončenie jednaní. Výsledky jednaní. Zahraničná politika. Konečné schválenie vstupu do únie musí v každej krajine prejsť referendom. Vnútorná situácia v jednotlivých krajinách. Zástancovia a odporcovia vstupu do Európskej únie.

Gespeichert in:
Bibliographische Detailangaben
1. Verfasser: Suk, J.
Format: Buchkapitel
Sprache:Tschechisch
Schlagworte:
Tags: Tag hinzufügen
Keine Tags, Fügen Sie das erste Tag hinzu!

MARC

LEADER 00000naa a2200000 4500
001 r015457
005 20221213081943.2
041 0 |a cze 
044 |a CZ 
245 1 0 |a Na prahu EU?  |c J. Suk 
520 |a Snahy Rakúska, Fínska, Nórska a Švédska o vstup do Európskej únie - ukončenie jednaní. Výsledky jednaní. Zahraničná politika. Konečné schválenie vstupu do únie musí v každej krajine prejsť referendom. Vnútorná situácia v jednotlivých krajinách. Zástancovia a odporcovia vstupu do Európskej únie. 
610 2 0 |a Európska únia 
610 2 0 |a Rakúsko 
610 2 0 |a Fínsko 
610 2 0 |a Nórsko 
610 2 0 |a Švédsko 
100 1 |a Suk, J.